| 000 | 00524nam a2200217Ia 4500 | ||
|---|---|---|---|
| 003 | OSt | ||
| 005 | 20221005130626.0 | ||
| 006 | a|||||r|||| 00| 0 | ||
| 007 | ta | ||
| 008 | 221004b |||||||| |||| 00| 0 snd d | ||
| 024 | _a7357 | ||
| 037 | _cTextual | ||
| 040 |
_aCRL _cCRL _bsnd |
||
| 041 |
_2snd _asnd |
||
| 082 | _aV2:51.M57, 1593H6 | ||
| 100 |
_aMaidwani _9638395 |
||
| 245 | 0 | _aSaat Soorma | |
| 260 | _c1946 | ||
| 942 |
_hV2:51.M57, 1593H6 _cTEXL _2cc |
||
| 999 |
_c1057837 _d1057837 |
||